00323nam a2200121Ia 4500008004100000041000800041082001700049100002000066245004300086260003300129300003200162365000700194240624s9999 xx 000 0 und d aeng a330.0954 STH aSTHANUMOORTHY R aECONOMIC REFORMS IN INDIA AN APPRAISAL c2006aHyderabadbICFAI press axiii, : 437 : p. : cm. ; 23 cRS